000 00475nam a2200193 a 4500
001 1765802922077
003 ACL
005 20251215181959.0
008 251215s2010##################000#0#eng##
020 _a9781848851658
082 0 4 _a641.3009495
_bDAL
100 1 _aDalby, Andrew,
_eauthor.
245 1 0 _aTastes of Byzantium :
260 _bTauris Parke Paperbacks,
_c2010.
300 _a272 pages
650 0 _aHistory.
942 _cENGLISH
040 _aACL
_beng
_cACL
999 _c602570
_d602570